[Event "Canarias-ch"]
[Site "Brena Baja"]
[Date "2022.06.04"]
[Round "6"]
[White "Bressac, Stephane"]
[Black "Guerra Arrocha, Daniel"]
[Result "1-0"]
[WhiteElo "2301"]
[BlackElo "1985"]
[PlyCount "25"]
[EventDate "2022.06.01"]
[EventType "swiss"]
[EventRounds "6"]
[EventCountry "ESP"]
[SourceTitle "CBM 208 Extra"]
[Source "ChessBase"]
[SourceDate "2022.07.31"]
[SourceVersion "1"]
[SourceVersionDate "2022.07.31"]
[SourceQuality "1"]

1. e4 c6 2. d4 d5 3. exd5 cxd5 4. Bd3 Nc6 5. c3 Nf6 6. Bf4 Bg4 7. Qb3 Qd7 8. Nd2 e6 9. Ngf3 Nh5 10. Be3 Bd6 11. Ne5 Bxe5 12. dxe5 Bf5 13. Be2 1-0

[Event "Las Palmas-ch"]
[Site "Las Palmas"]
[Date "2021.03.31"]
[Round "8.1"]
[White "Guerra Arrocha, Daniel"]
[Black "Lorenzo Ventura, Abel"]
[Result "1-0"]
[WhiteElo "2091"]
[BlackElo "1546"]
[PlyCount "25"]
[EventDate "2021.03.26"]
[EventType "tourn"]
[EventRounds "9"]
[EventCountry "ESP"]
[SourceTitle "EXT 2024"]
[Source "ChessBase"]
[SourceDate "2023.10.10"]
[SourceVersion "1"]
[SourceVersionDate "2023.10.10"]
[SourceQuality "1"]

1. e4 d5 2. exd5 Qxd5 3. Nc3 Qd6 4. d4 Nf6 5. Nf3 c6 6. Ne5 Bf5 7. g4 Bg6 8. h4 Nbd7 9. Bf4 Qb4 10. Nc4 Nd5 11. Bd2 Nxc3 12. Bxc3 Qa4 13. b3 1-0

[Event "Las Palmas-ch"]
[Site "Las Palmas"]
[Date "2021.03.30"]
[Round "7.1"]
[White "Rodriguez Bittar, Karim Javier"]
[Black "Guerra Arrocha, Daniel"]
[Result "0-1"]
[WhiteElo "1906"]
[BlackElo "2091"]
[PlyCount "32"]
[EventDate "2021.03.26"]
[EventType "tourn"]
[EventRounds "9"]
[EventCountry "ESP"]
[SourceTitle "EXT 2024"]
[Source "ChessBase"]
[SourceDate "2023.10.10"]
[SourceVersion "1"]
[SourceVersionDate "2023.10.10"]
[SourceQuality "1"]

1. e4 c5 2. Nc3 Nc6 3. g3 g6 4. Bg2 Bg7 5. d3 e6 6. Be3 Nd4 7. Qd2 Qa5 8. f4 Ne7 9. Nf3 d5 10. Ne5 f6 11. Ng4 Ndc6 12. Bg1 Nb4 13. Kd1 0-0 14. h4 dxe4 15. h5 exd3 16. cxd3 Rd8 0-1

[Event "Las Palmas-ch"]
[Site "Las Palmas"]
[Date "2021.03.27"]
[Round "3.1"]
[White "Andrades Campo, Francisco"]
[Black "Guerra Arrocha, Daniel"]
[Result "0-1"]
[WhiteElo "1949"]
[BlackElo "2091"]
[PlyCount "60"]
[EventDate "2021.03.26"]
[EventType "tourn"]
[EventRounds "9"]
[EventCountry "ESP"]
[SourceTitle "EXT 2024"]
[Source "ChessBase"]
[SourceDate "2023.10.10"]
[SourceVersion "1"]
[SourceVersionDate "2023.10.10"]
[SourceQuality "1"]

1. e4 c5 2. Nf3 Nc6 3. d4 cxd4 4. Nxd4 Nf6 5. Nc3 e5 6. Ndb5 d6 7. a4 a6 8. Na3 Be7 9. Bc4 0-0 10. 0-0 Be6 11. Bd5 Rc8 12. f3 Qb6+ 13. Kh1 Nb4 14. Bxe6 fxe6 15. Qe2 Nc6 16. Nc4 Qc7 17. Ne3 Nb4 18. Rd1 Rfd8 19. Rd2 d5 20. exd5 exd5 21. Na2 d4 22. Nf5 d3 23. Nxe7+ Qxe7 24. Rxd3 Nxd3 25. cxd3 Qd6 26. Bg5 Qxd3 27. Qxe5 Qd1+ 28. Qe1 Qxe1+ 29. Rxe1 Rc2 30. Rb1 Rxb2 0-1

[Event "Canarias-chT Honor"]
[Site "Spain"]
[Date "2020.03.07"]
[Round "7.1"]
[White "Mendivil Anton, Daniel"]
[Black "Guerra Arrocha, Daniel"]
[Result "0-1"]
[WhiteElo "2209"]
[BlackElo "2037"]
[PlyCount "118"]
[EventDate "2020.01.11"]
[EventType "team-tourn"]
[EventRounds "9"]
[EventCountry "ESP"]
[SourceTitle "CBM 195 Extra"]
[Source "ChessBase"]
[SourceDate "2020.05.31"]
[SourceVersion "1"]
[SourceVersionDate "2020.05.31"]
[SourceQuality "1"]
[WhiteTeam "Los Realejos Shah Mat"]
[BlackTeam "Vecindario"]
[WhiteTeamCountry "ESP"]
[BlackTeamCountry "ESP"]

1. d4 Nf6 2. Bg5 Ne4 3. Bf4 c5 4. f3 Nf6 5. d5 Qb6 6. Nc3 Qxb2 7. Bd2 Qb6 8. e4 e6 9. Rb1 Qd8 10. Bc4 a6 11. a4 exd5 12. Nxd5 Nxd5 13. Bxd5 Nc6 14. Ne2 Be7 15. Nf4 0-0 16. 0-0 Rb8 17. Bc4 Bg5 18. c3 Qa5 19. Qe2 d6 20. Ra1 Bxf4 21. Bxf4 Qxc3 22. Rac1 Qf6 23. Bg3 Nd4 24. Qf2 b5 25. axb5 axb5 26. Bd5 Bb7 27. e5 dxe5 28. Bxb7 Rxb7 29. Rxc5 Qb6 30. Rxe5 b4 31. Kh1 b3 32. Qb2 Nc2 33. h4 Qa6 34. Rc1 Qa2 35. Rxc2 bxc2 36. Qxa2 c1Q+ 37. Re1 Qc3 38. Qa4 Qc8 39. Qd4 Qd7 40. Qf4 h6 41. Kh2 Rb2 42. Qe4 Qd2 43. f4 Rd8 44. Rg1 Qc2 45. Qf3 Rb3 46. Rc1 Qb2 47. Qc6 Qd2 48. Rf1 Rc3 49. Qb7 Qd5 50. Qb2 Rb3 51. Qf2 Qf5 52. Qe2 Rdd3 53. Be1 Re3 54. Qd1 Rbd3 55. Qa4 Qg4 56. Qa8+ Kh7 57. Qa5 Rd1 58. Kg1 Re2 59. Bf2 Rxf2 0-1

[Event "Canarias-chT Honor"]
[Site "Spain"]
[Date "2020.02.08"]
[Round "5.2"]
[White "Guerra Arrocha, Daniel"]
[Black "Perez Guerra, Raul"]
[Result "0-1"]
[WhiteElo "2037"]
[BlackElo "2101"]
[PlyCount "56"]
[EventDate "2020.01.11"]
[EventType "team-tourn"]
[EventRounds "9"]
[EventCountry "ESP"]
[SourceTitle "CBM 195 Extra"]
[Source "ChessBase"]
[SourceDate "2020.05.31"]
[SourceVersion "1"]
[SourceVersionDate "2020.05.31"]
[SourceQuality "1"]
[WhiteTeam "Vecindario"]
[BlackTeam "Guia"]
[WhiteTeamCountry "ESP"]
[BlackTeamCountry "ESP"]

1. e4 e6 2. d4 d5 3. Nd2 Nf6 4. e5 Nfd7 5. Bd3 c5 6. c3 Nc6 7. Ne2 cxd4 8. cxd4 f6 9. Nf4 Nxd4 10. Qh5+ Ke7 11. exf6+ Nxf6 12. Ng6+ hxg6 13. Qxh8 Kf7 14. 0-0 e5 15. Nf3 Nxf3+ 16. gxf3 Nh5 17. Bd2 Qf6 18. Rfc1 Bd7 19. Rc7 Rd8 20. Bb5 Be7 21. Qxd8 Bxd8 22. Rxd7+ Kg8 23. Rxd5 Bb6 24. Rd3 e4 25. Rc3 exf3 26. Re1 Qh4 27. Re8+ Kh7 28. Be3 Bxe3 0-1

[Event "La Palma Island op"]
[Site "Santa Cruz de La Palma"]
[Date "2019.08.12"]
[Round "5"]
[White "Guerra Arrocha, Daniel"]
[Black "Kolosowski, Mateusz"]
[Result "0-1"]
[WhiteElo "2096"]
[BlackElo "2458"]
[PlyCount "113"]
[EventDate "2019.08.09"]
[EventType "swiss"]
[EventRounds "10"]
[EventCountry "ESP"]
[SourceTitle "CBM 191 Extra"]
[Source "ChessBase"]
[SourceDate "2019.09.30"]
[SourceVersion "1"]
[SourceVersionDate "2019.09.30"]
[SourceQuality "1"]

1. e4 c5 2. Nf3 e6 3. b3 d6 4. Bb2 Nf6 5. e5 dxe5 6. Nxe5 Nbd7 7. Bd3 Nxe5 8. Bxe5 Bd6 9. Qe2 Bxe5 10. Qxe5 Qd4 11. Bb5+ Ke7 12. Qxd4 cxd4 13. Na3 Rd8 14. 0-0 Nd5 15. Rfe1 a6 16. Bf1 b5 17. Rac1 Nb4 18. c3 dxc3 19. dxc3 Nd3 20. Bxd3 Rxd3 21. Red1 Rxd1+ 22. Rxd1 e5 23. Re1 Kd6 24. c4 Bd7 25. b4 f6 26. Rd1+ Ke7 27. f3 bxc4 28. Nxc4 Be6 29. Ne3 Bxa2 30. Nf5+ Kf7 31. Nd6+ Kg6 32. Ra1 Rd8 33. Nb7 Rb8 34. Rxa2 Rxb7 35. Rxa6 Rxb4 36. h3 h5 37. Kh2 Kg5 38. Ra7 g6 39. Re7 h4 40. Re6 Rb1 41. Re8 Re1 42. Re6 f5 43. Re7 Kf4 44. Re6 Kg5 45. Re7 e4 46. fxe4 fxe4 47. Re6 Kf5 48. Re8 e3 49. Re7 Kf4 50. Re6 Ra1 51. Rf6+ Ke5 52. Rf8 Kd4 53. Rd8+ Kc3 54. Rc8+ Kd2 55. Rd8+ Ke1 56. g4 e2 57. Rd6 0-1

[Event "La Roda op 46th"]
[Site "La Roda"]
[Date "2019.04.20"]
[Round "6"]
[White "Valmana Canto, Jaime"]
[Black "Guerra Arrocha, Daniel"]
[Result "1-0"]
[WhiteElo "2377"]
[BlackElo "2065"]
[PlyCount "72"]
[EventDate "2019.04.17"]
[EventType "swiss"]
[EventRounds "9"]
[EventCountry "ESP"]
[SourceTitle "CBM 189 Extra"]
[Source "ChessBase"]
[SourceDate "2019.06.03"]
[SourceVersion "1"]
[SourceVersionDate "2019.06.03"]
[SourceQuality "1"]

1. Nf3 Nf6 2. g3 g6 3. Bg2 Bg7 4. 0-0 0-0 5. d4 d5 6. c4 c6 7. Ne5 dxc4 8. Na3 Be6 9. Naxc4 Nbd7 10. e4 Ng4 11. Nxd7 Qxd7 12. d5 cxd5 13. exd5 Bf5 14. f3 b5 15. Na5 Ne5 16. g4 Bd3 17. Re1 Qc7 18. Bf4 Bc2 19. Qd2 Rac8 20. Nc6 Qb6+ 21. Be3 Qb7 22. Qxc2 Nxc6 23. dxc6 Rxc6 24. Qf2 Qc7 25. Rac1 Rd8 26. Rxc6 Qxc6 27. Bxa7 Qc4 28. b3 Qc3 29. Be3 Rd3 30. Bf1 Rxe3 31. Rxe3 Qa1 32. Rd3 Bf6 33. f4 b4 34. h4 Bc3 35. h5 Be1 36. Rd8+ Kg7 1-0

[Event "Lanzarote-chT"]
[Site "Arrecife de Lanzarote"]
[Date "2019.03.22"]
[Round "4.3"]
[White "Montelongo Espinosa, Josefa Carm"]
[Black "Guerra Arrocha, Daniel"]
[Result "0-1"]
[WhiteElo "1299"]
[BlackElo "2038"]
[PlyCount "54"]
[EventDate "2019.03.08"]
[EventType "team-tourn"]
[EventRounds "6"]
[EventCountry "ESP"]
[SourceTitle "EXT 2021"]
[Source "ChessBase"]
[SourceDate "2020.10.23"]
[SourceVersion "1"]
[SourceVersionDate "2020.10.23"]
[SourceQuality "1"]
[WhiteTeam "Sociedad Democracia"]
[BlackTeam "La Cochinilla Democracia"]
[WhiteTeamCountry "ESP"]
[BlackTeamCountry "ESP"]

1. d4 Nf6 2. Bf4 c5 3. c3 cxd4 4. cxd4 Qb6 5. Qc2 Nc6 6. e3 d6 7. Nd2 Nb4 8. Qb3 Bf5 9. Nc4 Nc2+ 10. Qxc2 Bxc2 11. Nxb6 axb6 12. f3 Nd5 13. Bb5+ Kd8 14. Kd2 Nxf4 15. exf4 Bb3 16. a3 g6 17. Ne2 Bg7 18. Rac1 Ra5 19. Bc4 Ba4 20. Bxf7 e5 21. b4 Ra8 22. dxe5 dxe5 23. Rc3 exf4 24. Rd3+ Ke7 25. Bc4 Rhc8 26. Bb3 Bb5 27. Nxf4 Bxd3 0-1

[Event "Puerto del Rosario op U2300 "]
[Site "Puerto del Rosario"]
[Date "2018.09.30"]
[Round "7"]
[White "Guerra Arrocha, Daniel"]
[Black "Martin Fernandez, Antonio"]
[Result "1-0"]
[WhiteElo "2090"]
[BlackElo "1700"]
[PlyCount "58"]
[EventDate "2018.09.27"]
[EventType "swiss"]
[EventRounds "7"]
[EventCountry "ESP"]
[SourceTitle "CBM 187 Extra"]
[Source "ChessBase"]
[SourceDate "2018.11.04"]
[SourceVersion "1"]
[SourceVersionDate "2018.11.04"]
[SourceQuality "1"]

1. e4 e5 2. Nf3 Nf6 3. Bc4 Be7 4. Nxe5 0-0 5. d3 d6 6. Nf3 Bg4 7. h3 Bh5 8. g4 Bg6 9. Nc3 Nc6 10. Bg5 Na5 11. Bb3 Nxb3 12. axb3 a6 13. Qd2 Re8 14. 0-0-0 c5 15. Bxf6 Bxf6 16. h4 h5 17. g5 Bd4 18. Nxd4 cxd4 19. f4 Rxe4 20. dxe4 Bxe4 21. Qxd4 Bxh1 22. Rxh1 Qa5 23. Kb1 Re8 24. b4 Qd8 25. f5 Qd7 26. f6 g6 27. Nd5 b5 28. Ne7+ Kh7 29. Rd1 Rd8 1-0

[Event "Puerto del Rosario op U2300 "]
[Site "Puerto del Rosario"]
[Date "2018.09.28"]
[Round "3"]
[White "Diaz Medina, Angelo"]
[Black "Guerra Arrocha, Daniel"]
[Result "1/2-1/2"]
[WhiteElo "1556"]
[BlackElo "2090"]
[PlyCount "109"]
[EventDate "2018.09.27"]
[EventType "swiss"]
[EventRounds "7"]
[EventCountry "ESP"]
[SourceTitle "CBM 187 Extra"]
[Source "ChessBase"]
[SourceDate "2018.11.04"]
[SourceVersion "1"]
[SourceVersionDate "2018.11.04"]
[SourceQuality "1"]

1. e4 c5 2. c3 e6 3. f4 d5 4. Qc2 Bd7 5. d3 dxe4 6. dxe4 Bc6 7. Be3 Nf6 8. Bd3 c4 9. Bxc4 Bxe4 10. Qe2 Qc7 11. Nd2 Bg6 12. 0-0-0 Bd6 13. g3 a6 14. Ngf3 b5 15. Bd3 Bxd3 16. Qxd3 0-0 17. Bd4 Nbd7 18. Ne4 Nxe4 19. Qxe4 Nc5 20. Bxc5 Bxc5 21. Ng5 g6 22. h4 Rad8 23. h5 Rxd1+ 24. Rxd1 Rd8 25. hxg6 Rxd1+ 26. Kxd1 Qd8+ 27. Kc2 hxg6 28. Qh1 Qf6 29. Qc6 Qf5+ 30. Kd2 Qd5+ 31. Qxd5 exd5 32. Nf3 Kf8 33. Ne5 Bf2 34. g4 d4 35. cxd4 Bxd4 36. b3 Bxe5 37. fxe5 Ke7 38. Ke3 Ke6 39. Ke4 f5+ 40. exf6 Kxf6 41. b4 Kg5 42. Kf3 Kh4 43. Kf4 Kh3 44. Kg5 Kg3 45. Kxg6 Kxg4 46. Kf6 Kf4 47. Ke6 Ke4 48. Kd6 Kd4 49. Kc6 Kc4 50. Kb6 Kxb4 51. Kxa6 Kc4 52. Ka5 Kc5 53. a3 Kc6 54. a4 bxa4 55. Kxa4 1/2-1/2

[Event "Puerto del Rosario op U2300 "]
[Site "Puerto del Rosario"]
[Date "2018.09.27"]
[Round "2"]
[White "Guerra Arrocha, Daniel"]
[Black "Rodriguez Redondo, Adhara"]
[Result "0-1"]
[WhiteElo "2090"]
[BlackElo "1879"]
[PlyCount "84"]
[EventDate "2018.09.27"]
[EventType "swiss"]
[EventRounds "7"]
[EventCountry "ESP"]
[SourceTitle "CBM 187 Extra"]
[Source "ChessBase"]
[SourceDate "2018.11.04"]
[SourceVersion "1"]
[SourceVersionDate "2018.11.04"]
[SourceQuality "1"]

1. c4 e6 2. e4 d5 3. cxd5 exd5 4. e5 Nc6 5. d4 Bb4+ 6. Nc3 Nge7 7. Bg5 h6 8. Bh4 Be6 9. f4 Qd7 10. Be2 Ng6 11. Bg3 0-0-0 12. h4 f6 13. exf6 gxf6 14. h5 Nge7 15. Bh4 Rhg8 16. Bxf6 Rxg2 17. a3 Bd6 18. Bf3 Bg4 19. Nce2 Bxf3 20. Nxf3 Rf8 21. Be5 Bxe5 22. dxe5 Qg4 23. Qd3 Rxe2+ 24. Qxe2 Rxf4 25. Nd2 Qg3+ 26. Kd1 Rf2 27. Qe1 Qg2 28. Kc2 Nd4+ 29. Kc3 Qg3+ 30. Kxd4 Rf4+ 31. Ne4 Rxe4+ 32. Qxe4 dxe4 33. Kxe4 Nc6 34. e6 Qe5+ 35. Kd3 Qxe6 36. Rag1 Qb3+ 37. Ke4 Qc2+ 38. Kf4 Qf2+ 39. Ke4 Qd4+ 40. Kf3 b6 41. Kg3 Qh8 42. Rd1 Qe5+ 0-1

[Event "Canarias-ch"]
[Site "Santa Cruz de Tenerife"]
[Date "2018.05.11"]
[Round "2"]
[White "Martin Casanas, Juan Miguel"]
[Black "Guerra Arrocha, Daniel"]
[Result "1-0"]
[WhiteElo "1664"]
[BlackElo "2164"]
[PlyCount "76"]
[EventDate "2018.05.10"]
[EventType "swiss"]
[EventRounds "6"]
[EventCountry "ESP"]
[SourceTitle "EXT 2022"]
[Source "ChessBase"]
[SourceDate "2021.10.06"]
[SourceVersion "1"]
[SourceVersionDate "2021.10.06"]
[SourceQuality "1"]

1. e4 Nc6 2. Nf3 Nf6 3. e5 Nd5 4. d4 d6 5. Bb5 a6 6. c4 Nb6 7. Ba4 Nxa4 8. Qxa4 Bd7 9. Qc2 Bg4 10. Nbd2 dxe5 11. d5 Nd4 12. Nxd4 exd4 13. Qe4 Qd7 14. Nb3 0-0-0 15. Qxd4 b6 16. 0-0 Bf5 17. Bf4 f6 18. Be3 e5 19. Qc3 Kb7 20. Rfd1 Qa4 21. c5 Rc8 22. Rac1 Be7 23. Nd2 bxc5 24. Bxc5 Bxc5 25. Qxc5 Qb5 26. Qa3 Qxd5 27. Nb3 Qb5 28. Na5+ Ka8 29. Nc6 Be4 30. Rc5 Qb6 31. Rdc1 Rhe8 32. Nb4 Bb7 33. Nxa6 Bxa6 34. Rc6 Qb7 35. Rxa6+ Kb8 36. Rc3 Rcd8 37. h3 Rd5 38. Rb3 Rb5 1-0

[Event "Las Palmas Montalvo Memorial 11th"]
[Site "Las Palmas"]
[Date "2018.03.25"]
[Round "3"]
[White "Guerra Arrocha, Daniel"]
[Black "Pap, Misa"]
[Result "1/2-1/2"]
[WhiteElo "2137"]
[BlackElo "2483"]
[PlyCount "154"]
[EventDate "2018.03.24"]
[EventType "swiss"]
[EventRounds "9"]
[EventCountry "ESP"]
[SourceTitle "CBM 183 Extra"]
[Source "ChessBase"]
[SourceDate "2018.04.19"]
[SourceVersion "1"]
[SourceVersionDate "2018.04.19"]
[SourceQuality "1"]

1. e4 c5 2. Nf3 Nc6 3. Bb5 g6 4. Bxc6 dxc6 5. h3 Bg7 6. d3 b6 7. 0-0 e5 8. a4 Qe7 9. a5 b5 10. Be3 Nf6 11. Nbd2 0-0 12. Nb3 Nd7 13. Qe1 Re8 14. Nfd2 Ba6 15. c4 Rab8 16. Rc1 Rec8 17. f3 Bf8 18. Rc3 Qd6 19. f4 Bg7 20. Qf2 bxc4 21. fxe5 Qe6 22. dxc4 Bxe5 23. Rd3 Rc7 24. Nxc5 Nxc5 25. Bxc5 Bxc4 26. Nxc4 Qxc4 27. Bd4 Qb5 28. b4 Re8 29. Bxe5 Qxe5 30. Qf4 Qe7 31. Rd4 Rb7 32. Qf6 Qe6 33. Qxe6 Rxe6 34. Rc1 Rbe7 35. Rcc4 Rf6 36. Rd8+ Kg7 37. Rc8 h5 38. R8xc6 Rxc6 39. Rxc6 Rxe4 40. b5 Re5 41. a6 Rxb5 42. Rc7 Rb2 43. h4 Ra2 44. Rxa7 Kf6 45. Kh2 Ke6 46. Kh3 Ra3+ 47. Kh2 Kf6 48. g3 Ra2+ 49. Kh3 Ke6 50. Ra8 Kf5 51. Ra7 f6 52. Ra8 g5 53. hxg5 fxg5 54. Rf8+ Kg6 55. Rg8+ Kf6 56. Rf8+ Kg7 57. Ra8 Kh7 58. g4 h4 59. Ra7+ Kg6 60. Ra8 Kf7 61. Ra7+ Kf6 62. Ra8 Kg6 63. Rg8+ Kh6 64. Ra8 Ra4 65. Rh8+ Kg7 66. Ra8 Ra3+ 67. Kh2 Ra4 68. Kh3 Kf7 69. Ra7+ Kf6 70. Ra8 Ra3+ 71. Kh2 Kg6 72. Rg8+ Kh6 73. Rh8+ Kg7 74. Ra8 Rg3 75. Rb8 Ra3 76. Ra8 Ra4 77. Kh3 Ra3+ 1/2-1/2

[Event "Tenerife-chT Preferente 1718"]
[Site "Tenerife"]
[Date "2017.11.18"]
[Round "2.4"]
[White "Guerra Arrocha, Daniel"]
[Black "Guillermo Gonzalez, Alvaro"]
[Result "1-0"]
[WhiteElo "2071"]
[BlackElo "1817"]
[PlyCount "83"]
[EventDate "2017.11.11"]
[EventType "team-tourn"]
[EventRounds "14"]
[EventCountry "ESP"]
[SourceTitle "EXT 2019"]
[Source "ChessBase"]
[SourceDate "2018.10.10"]
[SourceVersion "1"]
[SourceVersionDate "2018.10.10"]
[SourceQuality "1"]
[WhiteTeam "El Sauzal Gofio Plus"]
[BlackTeam "Fundacion La Caja de Canarias"]
[WhiteTeamCountry "ESP"]
[BlackTeamCountry "ESP"]

1. Nf3 Nf6 2. g3 g6 3. Bg2 Bg7 4. 0-0 0-0 5. d3 d6 6. e4 c5 7. c3 Nc6 8. Nbd2 Bg4 9. h3 Bxf3 10. Nxf3 Qc7 11. Be3 Rab8 12. Nh2 b5 13. d4 Nd7 14. Qd2 b4 15. dxc5 Nxc5 16. cxb4 Rxb4 17. Rab1 Rfb8 18. b3 a5 19. Rbc1 Qb6 20. Qd5 Nd4 21. Rc4 e6 22. Rxb4 axb4 23. Qc4 Qb5 24. Qxb5 Nxb5 25. Rd1 Bf8 26. Bxc5 dxc5 27. Rd7 Ra8 28. e5 Rxa2 29. Ng4 Nd4 30. Be4 Nxb3 31. h4 Rd2 32. Rc7 h5 33. Nf6+ Kg7 34. Ne8+ Kh6 35. Rxf7 Rd1+ 36. Kg2 Bg7 37. Rxg7 Rd8 38. Rxg6+ Kh7 39. Rg7+ Kh8 40. Rh7+ Kg8 41. Nf6+ Kf8 42. Bg6 1-0

[Event "La Palma Island op"]
[Site "Santa Cruz de La Palma"]
[Date "2017.08.17"]
[Round "8"]
[White "Roeder, Mathias"]
[Black "Guerra Arrocha, Daniel"]
[Result "1-0"]
[WhiteElo "2395"]
[BlackElo "2092"]
[PlyCount "79"]
[EventDate "2017.08.12"]
[EventType "swiss"]
[EventRounds "9"]
[EventCountry "ESP"]
[SourceTitle "EXT 2019"]
[Source "ChessBase"]
[SourceDate "2018.10.10"]
[SourceVersion "1"]
[SourceVersionDate "2018.10.10"]
[SourceQuality "1"]

1. Nf3 Nf6 2. g3 g6 3. b3 Bg7 4. Bb2 0-0 5. Bg2 c5 6. c4 Nc6 7. 0-0 d6 8. d4 Ne4 9. Nbd2 Nxd2 10. Qxd2 Bg4 11. dxc5 dxc5 12. Bxg7 Kxg7 13. Qe3 Bxf3 14. Bxf3 Qd4 15. Qxd4+ cxd4 16. Rfd1 Rfd8 17. Rd2 Rd7 18. Rad1 Rad8 19. Bg2 e5 20. f4 exf4 21. gxf4 Kf6 22. e3 d3 23. Be4 Nb4 24. Kf2 Re7 25. Bxd3 Rde8 26. a3 Na6 27. Re2 Nc5 28. Bc2 Ne6 29. Rd6 Kg7 30. Kf3 Rc8 31. Red2 b5 32. cxb5 Rec7 33. Bd3 Rc3 34. Bc4 Nc5 35. Rc6 Nxb3 36. Bxb3 R8xc6 37. bxc6 Rxb3 38. Rc2 Rb8 39. c7 Rc8 40. Ke4 1-0

[Event "Canarias-chT"]
[Site "San Cristobal de La Laguna"]
[Date "2017.06.24"]
[Round "5.2"]
[White "Guerra Arrocha, Daniel"]
[Black "Bressac, Stephane"]
[Result "0-1"]
[WhiteElo "2139"]
[BlackElo "2371"]
[PlyCount "106"]
[EventDate "2017.06.22"]
[EventType "team-swiss"]
[EventRounds "6"]
[EventCountry "ESP"]
[SourceTitle "EXT 2024"]
[Source "ChessBase"]
[SourceDate "2023.10.10"]
[SourceVersion "1"]
[SourceVersionDate "2023.10.10"]
[SourceQuality "1"]
[WhiteTeam "El Sauzal"]
[BlackTeam "Grandama Santa Lucia"]
[WhiteTeamCountry "ESP"]
[BlackTeamCountry "ESP"]

1. e4 d6 2. d4 Nf6 3. Nc3 e5 4. Nf3 Nbd7 5. Bc4 exd4 6. Qxd4 Be7 7. 0-0 Nb6 8. Bb3 0-0 9. a4 a5 10. Nb5 Nfd7 11. c3 Bf6 12. Qd1 Re8 13. Re1 Nc5 14. Bc2 Bg4 15. h3 Bxf3 16. Qxf3 c6 17. Nd4 d5 18. e5 g6 19. Bf4 Bg7 20. Qg3 Nbd7 21. b4 Ne6 22. Nxe6 Rxe6 23. Bb3 axb4 24. c4 d4 25. c5 Nxc5 26. Bxe6 Nxe6 27. Bd2 c5 28. Qb3 g5 29. h4 gxh4 30. f4 Bh6 31. Qf3 c4 32. Bxb4 Bxf4 33. Re4 Be3+ 34. Kh1 Ng5 35. Qg4 h5 36. Qxh4 Nxe4 37. Qxe4 Ra6 38. a5 Rg6 39. Be1 Rg4 40. Qf3 Qg5 41. a6 bxa6 42. g3 h4 43. Kg2 Rf4 44. Qa8+ Kg7 45. Bb4 Rf2+ 46. Kh1 Qf5 47. g4 Rf1+ 48. Kg2 Qxg4+ 49. Kxf1 Qg1+ 50. Ke2 Qf2+ 51. Kd1 Qf1+ 52. Kc2 Qd3+ 53. Kb2 Qb3# 0-1

[Event "Canarias-chT"]
[Site "San Cristobal de La Laguna"]
[Date "2017.06.23"]
[Round "3.1"]
[White "Guerra Arrocha, Daniel"]
[Black "Jimenez Arteaga, Angel"]
[Result "1-0"]
[WhiteElo "2139"]
[BlackElo "1825"]
[PlyCount "83"]
[EventDate "2017.06.22"]
[EventType "team-swiss"]
[EventRounds "6"]
[EventCountry "ESP"]
[SourceTitle "EXT 2024"]
[Source "ChessBase"]
[SourceDate "2023.10.10"]
[SourceVersion "1"]
[SourceVersionDate "2023.10.10"]
[SourceQuality "1"]
[WhiteTeam "El Sauzal"]
[BlackTeam "Ebano Casa Venezuela II"]
[WhiteTeamCountry "ESP"]
[BlackTeamCountry "ESP"]

1. e4 e6 2. d4 d5 3. Nc3 dxe4 4. Nxe4 Bd7 5. Bd3 Bc6 6. Nf3 Nd7 7. 0-0 Ngf6 8. Qe2 Nxe4 9. Bxe4 Bxe4 10. Qxe4 c6 11. b3 Qc7 12. c4 0-0-0 13. Bb2 Be7 14. a4 h6 15. a5 Rhe8 16. d5 Nf6 17. Qe3 exd5 18. Qxa7 Qb8 19. Qb6 Nd7 20. Qd4 Bf6 21. Qd2 dxc4 22. Bxf6 Nxf6 23. Qc2 cxb3 24. Qxb3 Re7 25. Rfb1 Rd5 26. Qc3 Qd6 27. a6 bxa6 28. h3 Rb7 29. Re1 Qc5 30. Qxc5 Rxc5 31. Rxa6 Nd5 32. Re8+ Kd7 33. Rg8 g6 34. Raa8 Rc1+ 35. Kh2 Ke6 36. Ra6 Rc7 37. Nd4+ Ke5 38. Nf3+ Ke4 39. Re8+ Kd3 40. Ne5+ Kd4 41. Ra4+ Kc3 42. Rc4+ 1-0

[Event "Arrecife de Lanzarote op"]
[Site "Arrecife de Lanzarote"]
[Date "2017.06.13"]
[Round "5"]
[White "Rionda Medio, Angel Arturo"]
[Black "Guerra Arrocha, Daniel"]
[Result "1-0"]
[WhiteElo "1897"]
[BlackElo "2139"]
[PlyCount "107"]
[EventDate "2017.06.11"]
[EventType "swiss"]
[EventRounds "9"]
[EventCountry "ESP"]
[SourceTitle "EXT 2018"]
[Source "ChessBase"]
[SourceDate "2017.10.13"]
[SourceVersion "1"]
[SourceVersionDate "2017.10.13"]
[SourceQuality "1"]

1. d4 c5 2. d5 Nf6 3. Nc3 e6 4. e4 exd5 5. exd5 d6 6. Nf3 Bg4 7. h3 Bxf3 8. Qxf3 Be7 9. Bb5+ Nbd7 10. a4 0-0 11. Bf4 a6 12. Bxd7 Qxd7 13. 0-0 b5 14. b3 b4 15. Nd1 Qb7 16. Ne3 Rfe8 17. Rad1 Bf8 18. Nc4 Ne4 19. Rd3 Rad8 20. Re1 Nc3 21. Bd2 Rxe1+ 22. Bxe1 Nb1 23. Qe4 Qd7 24. Re3 g6 25. Na5 Bh6 26. Re2 Kf8 27. Qh4 Bg7 28. Bd2 Re8 29. Rxe8+ Qxe8 30. Bh6 Qe1+ 31. Kh2 Bxh6 32. Qxh6+ Kg8 33. Qf4 Nd2 34. h4 Nf1+ 35. Kh3 Qc3+ 36. g3 Qxc2 37. Qxd6 Qxf2 38. Qb8+ Kg7 39. Qe5+ Qf6 40. Qxf6+ Kxf6 41. Nc4 Nd2 42. Nxd2 Ke5 43. Kg4 Kxd5 44. Kg5 Kd4 45. Nc4 Kc3 46. Na5 c4 47. bxc4 b3 48. Nxb3 Kxc4 49. Na1 a5 50. Kf6 Kb4 51. Kxf7 Kxa4 52. Kg7 Ka3 53. Kxh7 Ka2 54. Kxg6 1-0